Normal view
MARC view
Entry Nombre corporativo
001 - NÚMERO DE CONTROL
- campo de control: 174675
003 - IDENTIFICADOR DEL NÚMERO DE CONTROL
- campo de control: OSt
005 - FECHA Y HORA DE LA ÚLTIMA TRANSACCIÓN
- campo de control: 20220127161327.0
008 - DATOS DE LONGITUD FIJA
- campo de control de longitud fija: 220127|| aca||aabn | a|a d
040 ## - FUENTE DE LA CATALOGACIÓN
- Centro catalogador/agencia de origen: OSt
- Centro/agencia transcriptor: OSt
110 ## - ENCABEZAMIENTO-NOMBRE DE ENTIDAD CORPORATIVA
- Nombre de entidad corporativa o nombre de jurisdicción como elemento de entrada: UACh. Departamento Parasditología Agrícola
670 ## - FUENTE DE DATOS ENCONTRADOS
- Cita de la fuente: Work cat.: (OSt)208349: Cano Hernández, Víctor 18403, Evaluación de la efectividad de aceite de anisillo (Tagetes foetidissima) para el control de nematodos agalladores en el cultivo de jitomate (Solanum lycopersicon Mill.) en Chapingo México /
